[Event "Klub Kölner SF 1 - LSV Turm Lippstadt "]
[Site "NRW-Liga - Gruppe 2 2019/2020"]
[Date "2020.01.26"]
[Round "5.4"]
[White "Wacker, Peter"]
[Black "Grobbel, Rainer"]
[Result "0-1"]
[WhiteElo "2261"]
[BlackElo "2116"]
[PlyCount "148"]
[EventDate "2020.??.??"]
[SourceVersionDate "2020.03.16"]
[WhiteTeam "Klub Kölner SF 1"]
[BlackTeam "LSV Turm Lippstadt 1"]

1. e4 c5 2. Nf3 Nc6 3. Bb5 g6 4. Bxc6 dxc6 5. d3 Bg7 6. h3 e5 7. Be3 b6 8. Nc3
Ne7 9. Qd2 h6 10. Nh2 Be6 11. f4 exf4 12. Bxf4 g5 13. Bg3 f5 14. exf5 Nxf5 15.
Bf2 Qd7 16. O-O-O O-O-O 17. Rhe1 Rhe8 18. g4 Nd4 19. Bg3 Bd5 20. Rxe8 Rxe8 21.
Re1 Rxe1+ 22. Qxe1 Qe6 23. Qxe6+ Bxe6 24. Kd1 c4 25. dxc4 Bxc4 26. Kd2 Kd7 27.
b3 Bf7 28. Nd1 Bg6 29. c3 Nb5 30. Nf3 Ke6 31. a4 Nd6 32. Bxd6 Kxd6 33. Ne3 Bf6
34. Nd4 h5 35. Nef5+ Kd5 36. Ne3+ Kd6 37. Nef5+ Kd7 38. Ne3 Be5 39. b4 h4 40.
b5 cxb5 41. axb5 Be4 42. Ke2 Bf4 43. Ndf5 Ke6 44. Nd4+ Kd6 45. Nef5+ Kd5 46.
Ne7+ Kc4 47. Nec6 Kxc3 48. Ne6 Bd3+ 49. Kf3 Bc1 50. Nxa7 Kc4 51. Nc7 Kc5 52.
Ne6+ Kd5 53. Nc7+ Kd6 54. Na8 Kc5 55. Nc7 Bd2 56. Na6+ Kd5 57. Nc7+ Kd6 58. Na6
Kd7 59. Nb8+ Kc7 60. Nbc6 Kb7 61. Ne5 Bf1 62. Kf2 Bxh3 63. Nac6 Bf4 64. Kf3 Bf1
65. Ng6 Bxb5 66. Nd8+ Kc8 67. Nxf4 Kxd8 68. Ne6+ Ke7 69. Nxg5 Bc6+ 70. Ke3 Bg2
71. Nh7 b5 72. g5 b4 73. g6 b3 74. g7 Kf7 0-1

[Event "Klub Kölner SF 1 - LSV Turm Lippstadt "]
[Site "NRW-Liga - Gruppe 2 2019/2020"]
[Date "2020.01.26"]
[Round "5.6"]
[White "Bonnmann, Reinhard"]
[Black "Schulte, Tobias"]
[Result "1-0"]
[WhiteElo "2202"]
[BlackElo "1735"]
[PlyCount "83"]
[EventDate "2020.??.??"]
[SourceVersionDate "2020.03.16"]
[WhiteTeam "Klub Kölner SF 1"]
[BlackTeam "LSV Turm Lippstadt 1"]

1. d4 Nf6 2. c4 c5 3. e3 g6 4. Nc3 Bg7 5. Nf3 O-O 6. Be2 cxd4 7. exd4 d5 8. O-O
Nc6 9. Re1 e6 10. Bg5 dxc4 11. Bxc4 h6 12. Bf4 Nd5 13. Bxd5 exd5 14. Qd2 Kh7
15. Ne5 Be6 16. Nxc6 bxc6 17. Na4 Re8 18. Rac1 Bd7 19. Nc5 Rxe1+ 20. Rxe1 Bf8
21. f3 Bxc5 22. dxc5 g5 23. Be5 Be6 24. Bd4 Qd7 25. Qd3+ Bf5 26. Qe3 Be6 27.
Qe5 Rg8 28. h3 Qd8 29. Re3 Qd7 30. g4 Qd8 31. Ra3 Qd7 32. Qe3 Qb7 33. Qd3+ Rg6
34. Rb3 Qc7 35. Kg2 Kg8 36. Qe3 Bd7 37. Be5 Qd8 38. Rb8 Bc8 39. Qa3 Kh7 40.
Qxa7 Qd7 41. Qxd7 Bxd7 42. Rh8# 1-0

[Event "Klub Kölner SF 1 - LSV Turm Lippstadt "]
[Site "NRW-Liga - Gruppe 2 2019/2020"]
[Date "2020.01.26"]
[Round "5.7"]
[White "Laurenz, Waldemar"]
[Black "Wisskirchen, Andreas"]
[Result "1/2-1/2"]
[WhiteElo "1885"]
[BlackElo "2196"]
[PlyCount "99"]
[EventDate "2020.??.??"]
[SourceVersionDate "2020.03.16"]
[WhiteTeam "LSV Turm Lippstadt 1"]
[BlackTeam "Klub Kölner SF 1"]

1. Nf3 Nf6 2. c4 g6 3. Nc3 Bg7 4. d4 O-O 5. e4 d6 6. Be2 Nbd7 7. O-O e5 8. d5
Nc5 9. Qc2 a5 10. Be3 Ng4 11. Bg5 f6 12. Bh4 Qd7 13. h3 Nh6 14. Nd2 f5 15. f3
Nf7 16. Nb3 Bh6 17. Nxc5 dxc5 18. Qa4 Nd6 19. Qxd7 Bxd7 20. Bf2 b6 21. Rad1 Rf7
22. Kh2 Bf4+ 23. Bg3 Bxg3+ 24. Kxg3 Raf8 25. Kh2 fxe4 26. fxe4 Rf4 27. Rxf4
Rxf4 28. Rf1 g5 29. g3 Rxf1 30. Bxf1 Kg7 31. b3 Kf6 32. Be2 Be8 33. Kg2 Bg6 34.
Kf3 h5 35. Ke3 h4 36. g4 Be8 37. a3 Ke7 38. Nb1 Nf7 39. Nc3 Kd6 40. Bf1 Nh8 41.
a4 Ng6 42. Kf3 Nf4 43. Nd1 Ke7 44. Ne3 Kf6 45. Nf5 Bd7 46. Ne3 Ng6 47. Bd3 Nf4
48. Bf1 Ng6 49. Bd3 Nf4 50. Bf1 1/2-1/2

[Event "Klub Kölner SF 1 - LSV Turm Lippstadt "]
[Site "NRW-Liga - Gruppe 2 2019/2020"]
[Date "2020.01.26"]
[Round "5.8"]
[White "Schmidt, Martin"]
[Black "Hagenhoff, Georg"]
[Result "1-0"]
[WhiteElo "2189"]
[BlackElo "1778"]
[PlyCount "79"]
[EventDate "2020.??.??"]
[SourceVersionDate "2020.03.16"]
[WhiteTeam "Klub Kölner SF 1"]
[BlackTeam "LSV Turm Lippstadt 1"]

1. e4 e6 2. d4 d5 3. Nc3 Nf6 4. Bg5 Be7 5. e5 Nfd7 6. h4 a6 7. f4 c5 8. dxc5
Nxc5 9. Nf3 Nc6 10. Qd2 f6 11. exf6 Bxf6 12. O-O-O O-O 13. Bxf6 Rxf6 14. h5 b5
15. Qe3 Qf8 16. g3 Bb7 17. Bd3 b4 18. Ne2 Nxd3+ 19. Qxd3 h6 20. Ned4 Qd6 21.
Nxc6 Bxc6 22. Ne5 Bb5 23. Qe3 Rc8 24. Rh2 Rc5 25. g4 Be8 26. Kb1 Rc7 27. Rhd2
a5 28. Re1 Rc5 29. g5 hxg5 30. fxg5 Rf5 31. Nd3 Rc6 32. h6 Qf8 33. Ne5 Rc7 34.
Ng4 Qd6 35. hxg7 Kxg7 36. Qh3 e5 37. Nf6 Bg6 38. Qxf5 Qc6 39. Qf2 e4 40. Qd4
1-0

[Event "NRW-Liga, Gruppe 2"]
[Site "?"]
[Date "2020.01.26"]
[Round "5.1"]
[White "Scheider, Julian"]
[Black "Abolianin, Arthur"]
[Result "1/2-1/2"]
[WhiteElo "2327"]
[BlackElo "2303"]
[PlyCount "38"]
[EventDate "2020.01.26"]
[SourceVersionDate "2020.03.16"]
[WhiteTeam "SK KSpr. Iserlohn"]
[BlackTeam "SVG Alsdorf"]

1. e4 c5 2. Nf3 g6 3. d4 cxd4 4. Nxd4 Nf6 5. Nc3 Nc6 6. Be3 Bg7 7. Bc4 d6 8. h3
O-O 9. O-O Bd7 10. Re1 a6 11. Bb3 Rc8 12. Qd2 Na5 13. Bh6 Nc4 14. Bxc4 Bxh6 15.
Qxh6 Rxc4 16. Rad1 Qb6 17. Nb3 Be6 18. Qe3 Qxe3 19. Rxe3 Rfc8 1/2-1/2

[Event "NRW-Liga, Gruppe 2"]
[Site "?"]
[Date "2020.01.26"]
[Round "5.2"]
[White "Draftian, Ashote"]
[Black "Eckardt, Joshua"]
[Result "1-0"]
[WhiteElo "2216"]
[BlackElo "2286"]
[PlyCount "53"]
[EventDate "2020.01.26"]
[SourceVersionDate "2020.03.16"]
[WhiteTeam "SVG Alsdorf"]
[BlackTeam "SK KSpr. Iserlohn"]

1. f4 Nh6 2. e4 d5 3. e5 c5 4. Nf3 Bg4 5. Bb5+ Nc6 6. O-O Nf5 7. h3 Bxf3 8.
Bxc6+ bxc6 9. Qxf3 h5 10. e6 fxe6 11. b3 g6 12. Bb2 Bg7 13. Bxg7 Nxg7 14. Nc3
Qd6 15. Rae1 O-O 16. Qg3 Rf6 17. Re5 Raf8 18. Rf3 Kh7 19. Ne2 Rf5 20. Rfe3 Rxe5
21. fxe5 Qb8 22. Nf4 Qe8 23. Rf3 Rf5 24. Qf2 g5 25. Nxe6 Rxe5 26. Nxc5 Qg6 27.
Nd7 1-0

[Event "NRW-Liga, Gruppe 2"]
[Site "?"]
[Date "2020.01.26"]
[Round "5.3"]
[White "Schmuecker, Marcus"]
[Black "Minyeyevtsev, Semen"]
[Result "1/2-1/2"]
[WhiteElo "2220"]
[BlackElo "2117"]
[PlyCount "58"]
[EventDate "2020.01.26"]
[SourceVersionDate "2020.03.16"]
[WhiteTeam "SK Kspr. Iserlohn"]
[BlackTeam "SVG Alsdorf"]

1. Nf3 d5 2. g3 g6 3. Bg2 Bg7 4. d4 Nf6 5. O-O O-O 6. c4 c6 7. b3 c5 8. Bb2 Nc6
9. dxc5 dxc4 10. Na3 cxb3 11. axb3 Qa5 12. Ne5 Nxe5 13. Bxe5 Qxc5 14. Nc4 Be6
15. Bd4 Qb5 16. Ra5 Qb4 17. Ra4 Qb5 18. Qa1 Rac8 19. Rxa7 Qxb3 20. Na5 Qc2 21.
Rxb7 Rfe8 22. e3 Nh5 23. Qa3 Bxd4 24. exd4 Rc7 25. Rxc7 Qxc7 26. Rc1 Qa7 27.
Qb4 Nf6 28. Nc6 Qc7 29. Ra1 Qd6 1/2-1/2

[Event "NRW-Liga, Gruppe 2"]
[Site "?"]
[Date "2020.01.26"]
[Round "5.4"]
[White "Clopes Llahi, Judit"]
[Black "Messarius, Juergen"]
[Result "1-0"]
[WhiteElo "2158"]
[BlackElo "2194"]
[PlyCount "91"]
[EventDate "2020.01.26"]
[SourceVersionDate "2020.03.16"]
[WhiteTeam "SVG Alsdorf"]
[BlackTeam "SK KSpr. Iserlohn"]

1. e4 Nf6 2. e5 Nd5 3. d4 d6 4. c4 Nb6 5. exd6 cxd6 6. Be2 g6 7. Nf3 Bg7 8. O-O
O-O 9. h3 Nc6 10. Nc3 e5 11. d5 Ne7 12. Be3 Nf5 13. Bg5 f6 14. Bd2 Re8 15. Bd3
Nh6 16. Rc1 Nf7 17. b3 f5 18. Bb1 e4 19. Ne1 Nd7 20. Be3 Qh4 21. f3 exf3 22.
Nxf3 Qf6 23. Qd2 Nde5 24. Nb5 Re7 25. Nxe5 dxe5 26. Nxa7 Rxa7 27. Bxa7 b6 28.
Bxb6 Qxb6+ 29. c5 Qa7 30. Qb4 Bh6 31. Kh1 Ba6 32. d6 Rb7 33. Qc3 Bxc1 34. Rxc1
Rb8 35. a4 Rc8 36. b4 Bb7 37. Ba2 Qxa4 38. Be6 Qc6 39. Qb2 Rb8 40. b5 Qe4 41.
c6 Bxc6 42. Rxc6 Qxc6 43. Bxf7+ Kf8 44. bxc6 Rxb2 45. c7 Rc2 46. d7 1-0

[Event "NRW-Liga, Gruppe 2"]
[Site "?"]
[Date "2020.01.26"]
[Round "5.5"]
[White "Kind, Bertram"]
[Black "Winkels, Marcel"]
[Result "1-0"]
[WhiteElo "2182"]
[BlackElo "1988"]
[PlyCount "119"]
[EventDate "2020.01.26"]
[SourceVersionDate "2020.03.16"]
[WhiteTeam "SK KSpr. Iserlohn"]
[BlackTeam "SVG Alsdorf"]

1. e4 c5 2. Nc3 Nc6 3. f4 g6 4. Nf3 Bg7 5. Bc4 e6 6. f5 Nge7 7. fxe6 dxe6 8. d3
O-O 9. O-O Na5 10. Qe1 Nxc4 11. dxc4 Nc6 12. Bg5 f6 13. Be3 Nd4 14. Qf2 e5 15.
Nd5 f5 16. Qd2 f4 17. Bxd4 cxd4 18. c3 dxc3 19. Qxc3 g5 20. Rad1 g4 21. Nd2 Bd7
22. b4 Rc8 23. Qb3 Be6 24. Nb1 Qh4 25. Qd3 g3 26. h3 Bxh3 27. gxh3 Qxh3 28. Rd2
Rf7 29. Rf3 Rc6 30. Qe2 Rh6 31. Qg2 Qg4 32. Ne3 fxe3 33. Rd8+ Rf8 34. Rdxf8+
Bxf8 35. Rxg3 Qxg3 36. Qxg3+ Rg6 37. Qxg6+ hxg6 38. c5 Kf7 39. Kf1 a5 40. a3
axb4 41. axb4 Ke6 42. Ke2 Bh6 43. Nc3 Kd7 44. b5 Bf8 45. Na4 Bh6 46. Nb6+ Ke6
47. Na4 Bg5 48. Kd3 Bf4 49. Nc3 Bh2 50. Nd5 Kd7 51. Nxe3 Bg1 52. Ng4 Ke6 53.
Kc4 Bd4 54. Nh2 g5 55. Nf3 Be3 56. c6 bxc6 57. bxc6 Bf4 58. Kb5 Be3 59. Ka6 Bc5
60. c7 1-0

[Event "NRW-Liga, Gruppe 2"]
[Site "?"]
[Date "2020.01.26"]
[Round "5.6"]
[White "Reinhard, Marcus"]
[Black "Klauke, Stefan"]
[Result "1-0"]
[WhiteElo "2129"]
[BlackElo "2086"]
[PlyCount "93"]
[EventDate "2020.01.26"]
[SourceVersionDate "2020.03.16"]
[WhiteTeam "SVG Alsdorf"]
[BlackTeam "SK KSpr. Iserlohn"]

1. e4 e5 2. Nf3 Nc6 3. Bc4 Nf6 4. d3 Be7 5. O-O O-O 6. c3 d5 7. exd5 Nxd5 8.
Re1 Bg4 9. h3 Bh5 10. Nbd2 a6 11. Nf1 Nb6 12. Bb3 Nd7 13. Ng3 Bg6 14. Bd5 Bf6
15. Be3 Rb8 16. Qc2 Be7 17. Rad1 Kh8 18. Bc1 f5 19. Bxc6 bxc6 20. Nxe5 Nxe5 21.
Rxe5 f4 22. Nf1 f3 23. g3 Qd7 24. Kh2 Bf6 25. Ra5 Bf5 26. Ne3 Bxh3 27. d4 Rb5
28. Rxb5 cxb5 29. Qe4 Bg5 30. g4 Bxe3 31. Kxh3 Bxc1 32. Rxc1 Qf7 33. b3 Qf6 34.
Kg3 Qh6 35. Qe3 g5 36. Qe5+ Kg8 37. Qd5+ Rf7 38. Qd8+ Kg7 39. Rh1 Qg6 40. Qd5
h6 41. Re1 h5 42. Re6 h4+ 43. Kh3 Rf6 44. Qe5 Kf7 45. Re7+ Kf8 46. Rxc7 Kg8 47.
d5 1-0

[Event "NRW-Liga, Gruppe 2"]
[Site "?"]
[Date "2020.01.26"]
[Round "5.7"]
[White "Franz, Christian"]
[Black "Schettler, Jürgen"]
[Result "1-0"]
[WhiteElo "2031"]
[BlackElo "2057"]
[PlyCount "115"]
[EventDate "2020.01.26"]
[SourceVersionDate "2020.03.16"]
[WhiteTeam "SK KSpr. Iserlohn"]
[BlackTeam "SVG Alsdorf"]

1. c4 Nf6 2. Nc3 d6 3. g3 c6 4. Bg2 e5 5. e4 Be6 6. d3 g6 7. Nge2 Qc8 8. Be3
Bh3 9. Bxh3 Qxh3 10. Qb3 b6 11. a4 Qc8 12. a5 bxa5 13. Rxa5 a6 14. f3 Be7 15.
Qa2 Nfd7 16. d4 Bd8 17. Ra3 Bb6 18. Na4 Ba5+ 19. Kf2 Bb4 20. Rb3 a5 21. Rd1 Qa6
22. Rbd3 O-O 23. Kg2 Kg7 24. b3 Qb7 25. Qb2 f6 26. Qc1 Rf7 27. h4 Na6 28. d5
cxd5 29. Rxd5 Nc7 30. R5d3 f5 31. exf5 Rxf5 32. Bh6+ Kg8 33. Nec3 Ne6 34. Nd5
Ndc5 35. Re3 Nxa4 36. bxa4 Bc5 37. Red3 Rb8 38. R1d2 Nd4 39. Qf1 e4 40. Rxd4
Bxd4 41. Rxd4 Rxf3 42. Qe2 Qb2 43. Rxe4 Qxe2+ 44. Rxe2 Ra3 45. Re7 Ra2+ 46. Kf3
Ra3+ 47. Kf4 Rf8+ 48. Bxf8 Kxf8 49. Rxh7 Rxa4 50. Rc7 Ra1 51. Kg5 a4 52. Kxg6
Ke8 53. Nf6+ Kd8 54. Ra7 a3 55. g4 a2 56. h5 Kc8 57. h6 Kb8 58. Ra3 1-0

[Event "NRW-Liga, Gruppe 2"]
[Site "?"]
[Date "2020.01.26"]
[Round "5.8"]
[White "Roefe, Detlef"]
[Black "Glatzel, Jonas"]
[Result "0-1"]
[WhiteElo "1873"]
[BlackElo "2011"]
[PlyCount "116"]
[EventDate "2020.01.26"]
[SourceVersionDate "2020.03.16"]
[WhiteTeam "SVG Alsdorf"]
[BlackTeam "SK KSpr. Iserlohn"]

1. e4 c5 2. Nc3 Nc6 3. g3 g6 4. Bg2 Bg7 5. Nge2 e6 6. d3 Nge7 7. O-O O-O 8. a4
b6 9. f4 Bb7 10. h3 d6 11. Be3 Nd4 12. Bf2 Qd7 13. Kh2 a6 14. g4 f5 15. gxf5
gxf5 16. Bg3 Kh8 17. Qd2 b5 18. axb5 axb5 19. Nxd4 Bxd4 20. Rxa8 Rxa8 21. Nd1
Bf6 22. c3 Ra2 23. Rf2 Bc6 24. Qe2 b4 25. cxb4 cxb4 26. e5 dxe5 27. fxe5 Bg7
28. Ne3 Bxg2 29. Rxg2 Qd4 30. Nc4 Ng6 31. Bf2 Qd5 32. Qe3 Ra8 33. Bg3 Rd8 34.
Rd2 Qd4 35. Qxd4 Rxd4 36. Bf2 Rd8 37. d4 Kg8 38. b3 Ra8 39. Rc2 Nf4 40. Be3 {
(=)} Nd5 41. Bf2 Ra1 42. Kg2 Bh6 43. Kf3 Rb1 44. Na5 Rd1 45. Rc8+ Kg7 46. Re8
Kf7 47. Rb8 Nf4 48. Rb7+ Kg6 49. Rb6 Rd3+ 50. Be3 Rxe3+ 51. Kf2 Nxh3+ 52. Kf1
Nf4 53. Rxb4 Rf3+ 54. Kg1 Kg5 55. Rb8 Kg4 56. Rg8+ Bg5 57. b4 Nh3+ 58. Kg2 Rf2+
0-1

[Event "SV Kamen 1 - Elberfelder SG 1"]
[Site "NRW-Liga - Gruppe 2 2019/2020"]
[Date "2020.02.16"]
[Round "6.1"]
[White "Odendahl, Reiner"]
[Black "Weidemann, Christian"]
[Result "1-0"]
[WhiteElo "2249"]
[BlackElo "2272"]
[PlyCount "65"]
[EventDate "2020.??.??"]
[SourceVersionDate "2020.03.16"]
[WhiteTeam "Elberfelder SG 1"]
[BlackTeam "SV Kamen 1"]

1. Nf3 Nf6 2. c4 c6 3. g3 d5 4. Bg2 dxc4 5. O-O Nbd7 6. Na3 Nb6 7. Ne5 Be6 8.
Qc2 Qd4 9. Nxc6 bxc6 10. Bxc6+ Bd7 11. Bxa8 Nxa8 12. Nxc4 e6 13. d3 Qd5 14. Bf4
Be7 15. e4 Qc5 16. b4 Qc6 17. b5 Qc5 18. a4 O-O 19. Rfc1 Qh5 20. Ne5 Be8 21. f3
Bd6 22. g4 Qh3 23. Qg2 Qxg2+ 24. Kxg2 Nb6 25. a5 Nbd5 26. exd5 Nxd5 27. Bg3
Bxb5 28. d4 Bb4 29. Nc6 Bd2 30. Nxa7 Bd3 31. Rd1 Ne3+ 32. Kf2 Nc4 33. Rxd2 1-0

[Event "SV Kamen 1 - Elberfelder SG 1"]
[Site "NRW-Liga - Gruppe 2 2019/2020"]
[Date "2020.02.16"]
[Round "6.2"]
[White "Himmel, Hansjoerg"]
[Black "Hintze, Helge"]
[Result "0-1"]
[WhiteElo "2244"]
[BlackElo "2231"]
[PlyCount "108"]
[EventDate "2020.??.??"]
[SourceVersionDate "2020.03.16"]
[WhiteTeam "SV Kamen 1"]
[BlackTeam "Elberfelder SG 1"]

1. e4 e6 2. d4 d5 3. Nd2 Nf6 4. e5 Nfd7 5. Bd3 c5 6. c3 Nc6 7. Ne2 cxd4 8. cxd4
f6 9. exf6 Nxf6 10. O-O Bd6 11. Nf3 O-O 12. Bf4 Bxf4 13. Nxf4 Ne4 14. Ne2 Rxf3
15. gxf3 Ng5 16. Kh1 e5 17. Qb3 Qf6 18. f4 exf4 19. f3 Qf7 20. Rad1 Be6 21. Qc3
Rf8 22. Ng1 Qf6 23. Bc2 Bf7 24. Ba4 Rc8 25. Qd2 Bh5 26. Bxc6 bxc6 27. Rde1 Ne6
28. Re5 Bf7 29. Rfe1 Nf8 30. b4 Rc7 31. a3 h6 32. Rc1 Nd7 33. Re2 Nb6 34. Nh3
g5 35. Rg2 Bh5 36. Qf2 Rg7 37. Re1 Nc4 38. Ng1 Nxa3 39. Qa2 Nc4 40. Rge2 Ne3
41. b5 cxb5 42. Rxe3 fxe3 43. Qxd5+ Qf7 44. Qe4 Bg6 45. Qxe3 b4 46. Qe5 b3 47.
d5 Qb7 48. Re2 a5 49. d6 a4 50. Qf6 Qd7 51. Re3 Kh7 52. Ne2 Rf7 53. Qd4 Qb7 54.
Nc3 b2 0-1

[Event "SV Kamen 1 - Elberfelder SG 1"]
[Site "NRW-Liga - Gruppe 2 2019/2020"]
[Date "2020.02.16"]
[Round "6.3"]
[White "Volkov, Mykyta"]
[Black "Luetke, Jens"]
[Result "1-0"]
[WhiteElo "2177"]
[BlackElo "2237"]
[PlyCount "81"]
[EventDate "2020.??.??"]
[SourceVersionDate "2020.03.16"]
[WhiteTeam "Elberfelder SG 1"]
[BlackTeam "SV Kamen 1"]

1. d4 Nf6 2. c4 e6 3. Nc3 Bb4 4. Qc2 O-O 5. Nf3 c5 6. dxc5 Bxc5 7. Bg5 Nc6 8.
e3 b6 9. a3 Bb7 10. Bd3 h6 11. Bh4 Be7 12. O-O-O Rc8 13. Qe2 Na5 14. Kb1 d5 15.
Ne5 Ne4 16. Bxe4 Bxh4 17. cxd5 Rxc3 18. bxc3 Qc7 19. f4 Bf6 20. Bf3 exd5 21.
Bxd5 Bxe5 22. fxe5 Qxc3 23. Qd3 Qxe5 24. Bxb7 Nxb7 25. Qd5 Qe7 26. e4 Na5 27.
Ka2 Rc8 28. Rhf1 Nc4 29. Rf3 Ne5 30. Rf5 Rc5 31. Qd8+ Qxd8 32. Rxd8+ Kh7 33.
Rd5 f6 34. Rxc5 bxc5 35. Rf1 Kg6 36. Rb1 Ng4 37. Rb7 Nf2 38. Rxa7 Nxe4 39. Rc7
h5 40. a4 h4 41. h3 1-0

[Event "SV Kamen 1 - Elberfelder SG 1"]
[Site "NRW-Liga - Gruppe 2 2019/2020"]
[Date "2020.02.16"]
[Round "6.4"]
[White "Kleinegger, Frank"]
[Black "Noetzel, Frank"]
[Result "1/2-1/2"]
[WhiteElo "2085"]
[BlackElo "2209"]
[PlyCount "59"]
[EventDate "2020.??.??"]
[SourceVersionDate "2020.03.16"]
[WhiteTeam "SV Kamen 1"]
[BlackTeam "Elberfelder SG 1"]

1. e4 e5 2. Nf3 Nc6 3. Bc4 Nf6 4. d3 Bc5 5. c3 a6 6. Bb3 Ba7 7. Nbd2 d5 8. h3
O-O 9. O-O dxe4 10. dxe4 Qe7 11. Re1 Be6 12. Bxe6 Qxe6 13. Qb3 Qxb3 14. axb3
Nd7 15. b4 f6 16. Nc4 Rfd8 17. Nfd2 Nf8 18. Nb3 Ne6 19. g3 Rd3 20. Be3 Bxe3 21.
Rxe3 Rad8 22. h4 Kf7 23. Rxd3 Rxd3 24. Kf1 Rd7 25. Ke2 h5 26. f3 Nb8 27. Nc5
Nxc5 28. bxc5 Nc6 29. b4 Na7 30. Rd1 1/2-1/2

[Event "SV Kamen 1 - Elberfelder SG 1"]
[Site "NRW-Liga - Gruppe 2 2019/2020"]
[Date "2020.02.16"]
[Round "6.6"]
[White "Rumpf, Thomas"]
[Black "Tymura, Achim"]
[Result "1/2-1/2"]
[WhiteElo "2030"]
[BlackElo "2024"]
[PlyCount "21"]
[EventDate "2020.??.??"]
[SourceVersionDate "2020.03.16"]
[WhiteTeam "SV Kamen 1"]
[BlackTeam "Elberfelder SG 1"]

1. e4 c5 2. Nf3 Nc6 3. Bb5 Na5 4. c3 a6 5. Be2 e6 6. d4 cxd4 7. cxd4 Nf6 8. Nc3
d5 9. e5 Nd7 10. O-O Be7 11. Bd3 1/2-1/2

[Event "SV Kamen 1 - Elberfelder SG 1"]
[Site "NRW-Liga - Gruppe 2 2019/2020"]
[Date "2020.02.16"]
[Round "6.7"]
[White "Werbeck, Torsten"]
[Black "Kilian, Ralf"]
[Result "1/2-1/2"]
[WhiteElo "2014"]
[BlackElo "2041"]
[PlyCount "31"]
[EventDate "2020.??.??"]
[SourceVersionDate "2020.03.16"]
[WhiteTeam "Elberfelder SG 1"]
[BlackTeam "SV Kamen 1"]

1. d4 e6 2. c4 d5 3. Nc3 Nf6 4. Nf3 Nbd7 5. Bg5 Be7 6. e3 O-O 7. Bd3 c6 8. O-O
dxc4 9. Bxc4 Nd5 10. Bxe7 Qxe7 11. Rc1 Nxc3 12. Rxc3 e5 13. dxe5 Nxe5 14. Nxe5
Qxe5 15. f4 Qf6 16. f5 1/2-1/2

[Event "SV Kamen 1 - Elberfelder SG 1"]
[Site "NRW-Liga - Gruppe 2 2019/2020"]
[Date "2020.02.16"]
[Round "6.8"]
[White "Georg, Heinz"]
[Black "Saoudi, Lahcen"]
[Result "1-0"]
[WhiteElo "2089"]
[BlackElo "1960"]
[PlyCount "65"]
[EventDate "2020.??.??"]
[SourceVersionDate "2020.03.16"]
[WhiteTeam "SV Kamen 1"]
[BlackTeam "Elberfelder SG 1"]

1. e4 e6 2. d4 d5 3. Nc3 Bb4 4. Nge2 dxe4 5. a3 Ba5 6. b4 Bb6 7. Nxe4 a5 8. Bb2
Nf6 9. Nxf6+ Qxf6 10. c4 c5 11. bxc5 Bxc5 12. Ng3 Ba7 13. Qd2 O-O 14. Bd3 Nc6
15. c5 Qh4 16. Qc3 Nxd4 17. O-O e5 18. f4 b6 19. Be4 Qxg3 20. hxg3 Ne2+ 21. Kh2
Nxc3 22. Bxc3 Ba6 23. Rfb1 exf4 24. Bxa8 fxg3+ 25. Kxg3 Rxa8 26. cxb6 Bb8+ 27.
Kf2 Bd6 28. Rd1 Rd8 29. Bxa5 Bc5+ 30. Kg3 Bd6+ 31. Kh4 Be7+ 32. Kh3 Bd6 33. b7
1-0

[Event "LSV Turm Lippstadt 1 - Kölner SK Dr. L"]
[Site "NRW-Liga - Gruppe 2 2019/2020"]
[Date "2020.02.16"]
[Round "6.1"]
[White "Eichhorn, Andreas"]
[Black "Wehmeier, Stefan"]
[Result "1/2-1/2"]
[WhiteElo "2263"]
[BlackElo "2333"]
[PlyCount "85"]
[EventDate "2020.??.??"]
[SourceVersionDate "2020.03.16"]
[WhiteTeam "Kölner SK Dr. Lasker 1"]
[BlackTeam "LSV Turm Lippstadt 1"]

1. Nf3 d5 2. g3 e6 3. Bg2 b5 4. O-O Bb7 5. d3 Nf6 6. e4 dxe4 7. Ng5 h6 8. Nxe4
Nxe4 9. Bxe4 Bxe4 10. dxe4 Qxd1 11. Rxd1 Nd7 12. a4 b4 13. Be3 O-O-O 14. Bxa7
Bc5 15. Bxc5 Nxc5 16. Nd2 Rd4 17. Kf1 Rhd8 18. Ke2 Nxe4 19. Nxe4 Rxe4+ 20. Kf3
Rc4 21. Rxd8+ Kxd8 22. Rd1+ Kc8 23. Rd2 e5 24. b3 Rc5 25. Ke4 g6 26. g4 f6 27.
h4 h5 28. f3 Kb7 29. Rd5 Rxc2 30. gxh5 gxh5 31. Rb5+ Kc6 32. Rxb4 Kc5 33. Rb5+
Kd6 34. f4 c6 35. fxe5+ fxe5 36. Rb4 Rf2 37. Ke3 Rh2 38. Kf3 Kd5 39. Kg3 Rc2
40. Rb8 c5 41. b4 Rc3+ 42. Kf2 cxb4 43. Rxb4 1/2-1/2

[Event "LSV Turm Lippstadt 1 - Kölner SK Dr. L"]
[Site "NRW-Liga - Gruppe 2 2019/2020"]
[Date "2020.02.16"]
[Round "6.2"]
[White "Hecht, Carsten"]
[Black "Paris, Michael"]
[Result "0-1"]
[WhiteElo "2292"]
[BlackElo "2194"]
[Annotator "Daniel"]
[PlyCount "32"]
[EventDate "2020.??.??"]
[SourceVersionDate "2020.03.16"]
[WhiteTeam "LSV Turm Lippstadt 1"]
[BlackTeam "Kölner SK Dr. Lasker 1"]

1. e4 e5 2. Nf3 Nc6 3. Bb5 a6 4. Ba4 Nf6 5. O-O Nxe4 6. d4 Be7 7. Re1 b5 8.
Rxe4 d5 9. Nxe5 Nxe5 10. Rxe5 bxa4 11. Nc3 O-O 12. Qf3 c6 13. Re1 Bb4 14. a3
Ba5 15. Bf4 Be6 16. Qg3 Bf5 {ZÜ} 0-1

[Event "LSV Turm Lippstadt 1 - Kölner SK Dr. L"]
[Site "NRW-Liga - Gruppe 2 2019/2020"]
[Date "2020.02.16"]
[Round "6.3"]
[White "Nagel, Bernhard"]
[Black "Wagner, Alexej"]
[Result "0-1"]
[WhiteElo "2179"]
[BlackElo "2253"]
[PlyCount "88"]
[EventDate "2020.??.??"]
[SourceVersionDate "2020.03.16"]
[WhiteTeam "Kölner SK Dr. Lasker 1"]
[BlackTeam "LSV Turm Lippstadt 1"]

1. Nf3 d5 2. c4 e6 3. g3 Nf6 4. d4 dxc4 5. Bg2 c5 6. O-O Nc6 7. Qa4 Bd7 8. Qxc4
b5 9. Qd3 c4 10. Qd1 Rc8 11. Bg5 Be7 12. b3 O-O 13. bxc4 bxc4 14. Nc3 Nd5 15.
Bd2 Bb4 16. Nxd5 Bxd2 17. Nf6+ Qxf6 18. Qxd2 Rfd8 19. Rac1 e5 20. Rxc4 Nxd4 21.
Rxc8 Bxc8 22. Nxd4 exd4 23. Rc1 h6 24. h3 Ba6 25. Rc6 Rd6 26. Rxd6 Qxd6 27. Bf3
Qc5 28. Qb2 Bc4 29. a3 Be6 30. h4 g6 31. Kg2 a5 32. Be4 h5 33. Qb8+ Kh7 34. Qd8
Qxa3 35. Qxd4 Qa2 36. Qe5 Kg8 37. Qb8+ Kg7 38. Qe5+ f6 39. Qc7+ Bf7 40. Bd3 a4
41. f3 a3 42. Qa7 Qb3 43. Kh2 a2 44. Kg2 Qc3 0-1

[Event "LSV Turm Lippstadt 1 - Kölner SK Dr. L"]
[Site "NRW-Liga - Gruppe 2 2019/2020"]
[Date "2020.02.16"]
[Round "6.4"]
[White "Pollmueller, Michael"]
[Black "Pawelzik, Malte"]
[Result "0-1"]
[WhiteElo "2159"]
[BlackElo "2153"]
[Annotator "Daniel"]
[PlyCount "192"]
[EventDate "2020.??.??"]
[SourceVersionDate "2020.03.16"]
[WhiteTeam "LSV Turm Lippstadt 1"]
[BlackTeam "Kölner SK Dr. Lasker 1"]

1. d4 Nf6 2. Nf3 g6 3. c4 Bg7 4. g3 c6 5. Bg2 d5 6. cxd5 cxd5 7. Ne5 Ne4 8. Qb3
O-O 9. Nc3 Nxc3 10. bxc3 Nc6 11. f4 e6 12. O-O Na5 13. Qb4 b6 14. h4 Ba6 15.
Bf3 Rc8 16. h5 Qc7 17. hxg6 hxg6 18. Bd2 Nc4 19. Nxc4 Bxc4 20. a4 Bf6 21. a5 b5
22. Rfb1 a6 23. Kg2 Kg7 24. Qb2 $11 Rh8 25. Rh1 Rxh1 26. Kxh1 Rh8+ 27. Kg2 Bd8
28. Qb4 Be7 29. Qb2 Qd8 30. Qc1 Bd6 31. Qg1 Bc7 32. Qc1 f5 33. Qa3 Bd6 34. Qc1
Kf7 35. Qg1 Bc7 36. Qc1 Rh7 37. Qg1 Ke7 38. Bc1 Kd7 39. Qe3 Qf8 40. Ba3 Qh6 41.
Rg1 Bxa5 42. Kf2 Qg7 43. Bb4 Bxb4 44. cxb4 Rh8 45. Ra1 Ra8 46. Qd2 Kc6 47. Qe3
Qf6 48. Qd2 Kb6 49. Ra3 Rg8 50. Re3 Kb7 51. Re5 Re8 52. Qe3 Qe7 53. Qc3 Qd6 54.
g4 Qe7 55. g5 Qh7 56. Qe3 Qf7 57. Bg2 Qe7 58. Qc3 Ba2 59. Qb2 Bc4 60. Qc3 Rd8
61. Qe3 Rd6 62. Bf3 Kc7 63. Qa3 Rc6 64. Bg2 Qh7 65. Kg3 Kd6 66. Qe3 Kd7 67. Qa3
Qh8 68. Bf3 Qa8 69. Qa1 Bb3 70. Qh1 Qg8 71. Qh6 Rc1 72. Re3 Ba4 73. Ra3 Rc4 74.
e3 Rxb4 75. Qh1 Rc4 76. Ra2 Rc2 77. Rxc2 Bxc2 78. Qe1 Qd8 79. Qh1 Qg8 80. Qe1
Bd3 81. Qa5 Qa8 82. Bd1 Bc4 83. Qe1 a5 84. Qh1 Qg8 85. Qe1 b4 86. Ba4+ Kc7 87.
Qa1 Kb6 88. Qh1 Bb5 89. Bxb5 Kxb5 90. Qc1 Qe8 91. Qf1+ Kb6 92. Qc1 Qc6 93. Qh1
Qc3 94. Kf3 b3 95. Qh8 Qc8 96. Qf8 b2 0-1